000156177 001__ 156177
000156177 005__ 20250516093842.0
000156177 037__ $$aTAZ-TFG-2021-728
000156177 041__ $$aspa
000156177 1001_ $$aAdsuara Buedo, Carlos
000156177 24200 $$aTeaching of experimental sciences through recreational science and play.
000156177 24500 $$aLa enseñanza de las ciencias experimentales a través de la ciencia recreativa y el juego.
000156177 260__ $$aZaragoza$$bUniversidad de Zaragoza$$c2021
000156177 506__ $$aby-nc-sa$$bCreative Commons$$c3.0$$uhttp://creativecommons.org/licenses/by-nc-sa/3.0/
000156177 520__ $$aEl objetivo fundamental del presente Trabajo de Fin de Grado fue realizar una revisión y análisis del modelo de enseñanza generalmente utilizado por los profesores de las ciencias experimentales, así como conocer qué es la ciencia recreativa, la utilidad que podemos darle en nuestras aulas y los beneficios que puede conllevar este tipo de metodología sobre los alumnos. Posteriormente se llevó a cabo el diseño de un proyecto de intervención titulado “La materia”, en el cual se detallan una serie de sesiones para la enseñanza de las ciencias experimentales a través de metodologías basadas en la ciencia recreativa y el juego (experimentos, objetos cotidianos y aprendizaje significativo). Esta propuesta está destinada para un grupo de alumnos de 5º de Educación Primaria y la finalidad es la de analizar los resultados y beneficios que puede suponer en los alumnos la utilización de este tipo de metodología.<br /><br />
000156177 521__ $$aGraduado en Magisterio en Educación Primaria
000156177 540__ $$aDerechos regulados por licencia Creative Commons
000156177 700__ $$aLázaro Peinado, Carmen$$edir.
000156177 7102_ $$aUniversidad de Zaragoza$$bDidácticas Específicas$$cDidáctica de las Ciencias Experimentales
000156177 8560_ $$f672987@unizar.es
000156177 8564_ $$s898415$$uhttps://zaguan.unizar.es/record/156177/files/TAZ-TFG-2021-728.pdf$$yMemoria (spa)
000156177 909CO $$ooai:zaguan.unizar.es:156177$$pdriver$$ptrabajos-fin-grado
000156177 950__ $$a
000156177 951__ $$adeposita:2025-05-16
000156177 980__ $$aTAZ$$bTFG$$cFCSH
000156177 999__ $$a20210525205323.CREATION_DATE